| 000 | 00464nam a22001457a 4500 | ||
|---|---|---|---|
| 003 | 0 | ||
| 005 | 20230201135057.0 | ||
| 008 | 230201b xxu||||| |||| 00| 0 eng d | ||
| 050 |
_aQA76.5 _b.Ut83 2019 |
||
| 245 |
_aGeneric digital student attendance record system _cUtanes, John Raymond A. |
||
| 260 |
_aLas Pinas City _bSouthville International School and Colleges _cC2019 |
||
| 300 |
_axii,118pp. _c28cm. _fTheses |
||
| 500 | _aDigital attendance. | ||
| 942 |
_2lcc _cTH |
||
| 999 |
_c364921 _d364921 |
||